000 00280nam a2200097Ia 4500
008 220204s9999 xx 000 0 und d
082 _a378(035)(540)
_bUNI
245 0 _aUniversities handbook India. 1975
260 _aNew Delhi
_bAssociation of Indian Universities
_c1975
942 _cBK
999 _c24106
_d24106